| 000 | 00670cam a2200181 a 4500 | ||
|---|---|---|---|
| 020 | _a082130917X (pbk.) | ||
| 082 | 0 | 0 |
_a338.900917 _bBER _cD |
| 100 | 1 |
_aBerg, Elliot. _937291 |
|
| 245 | 1 | 0 |
_aDivestiture in developing countries / _cElliot Berg, Mary M. Shirley. |
| 260 |
_aWashington, D.C. : _bWorld Bank, _c1987. |
||
| 300 |
_avii, 30 p. : _b1 ill. ; _c28 cm. |
||
| 526 |
_a0 _b0 _c0 _d338_900917000000000_BER |
||
| 650 | 0 |
_aCorporate divestiture _zDeveloping countries. _937292 |
|
| 650 | 0 |
_aGovernment business enterprises _zDeveloping countries. _937293 |
|
| 650 | 0 |
_aPrivatization _zDeveloping countries. _937294 |
|
| 700 | 1 |
_aShirley, Mary M., _937295 |
|
| 942 |
_2ddc _cBK |
||
| 999 |
_c542197 _d542197 |
||